000 004730000a22001690004500
003 LK-CoMWRAF
008 230817t ||||| |||| 00| 0 eng d
040 _aLK-CoMWRAF
_dLK-CoMWRAF
_eLK-CoMWRAF
041 _aeng
082 _a640
_bMAH
100 _aMaheswaran, K.
245 _aHealth and health services a background paper
_bnational symposium on changing needs of children
260 _aColombo
_bMarga
_c1981
300 _ap.30
650 _aChildren-SL
942 _cBK
999 _c2628
_d2628